Sport e ordinamenti giuridici

Bibliographic Details
Main Author: Bruscuglia, Luciano
Corporate Author: Universit ̀di Pisa
Other Authors: Famiglietti, Giamluca, Romboli, Roberto
Format: Unknown
Language:Italian
Published: Italia : Edizioni Plus : Universit ̉di Pisa, 2009
Subjects:
Online Access:Acceso restringido

MARC

LEADER 00000ny a22000003n 4500
005 20110621125530.0
008 091214s2009 it 000 0 ita d
020 |a 9788884926296 
035 |a 4758 
040 |a BUS  |d vLex 
090 |c 943  |d 943 
100 1 |a Bruscuglia, Luciano  
245 1 0 |a Sport e ordinamenti giuridici  |h [Recurso electrn̤ico]  |c Luciano Bruscuglia , Roberto Romboli , Giamluca Famiglietii  
256 |a Servicio en ln̕ea 
260 |a Italia :  |b Edizioni Plus :  |b Universit ̉di Pisa,  |c 2009 
506 1 |a Contenido solo disponible en los productos indicados  |d vLex Global  |d vLex Global (Academic Edition, excluding Law Schools)  |d vLex Global (U.S. Academic Edition, Law Schools)  |d vLex Global (U.S. Academic Edition, excluding Law Schools)  |d vLex Global (Academic Edition, Law Schools) 
650 0 4 |a Deportes 
700 1 |a Famiglietti, Giamluca 
700 1 |a Romboli, Roberto 
710 2 |a Universit ̀di Pisa 
740 0 |a vLex Libros (Servicios en ln̕ea) 
856 4 0 |u http://vlex.com/source/4758  |z Acceso restringido 
942 |c BOOK